00764nam a2200265 a 45000010008000000030009000080050017000170070003000340080032000370200016000690400030000850820029001151000032001442450044001762600012002202640044002323000050002763360027003263370035003533380029003885000006004176500015004236500024004386500036004620000428DO-SdBPM20250812105237.0ta091125s2002 ja a 000 0 spa d a 0870409123 aDO-SdBPMbspacBPMSUerda 4a736.982 bD658o 20022221 a Dokuotei, Nakano eautor 10a Origami classroom /c Dokuotei Nakano  a b c  aJapón b Overseas Distributor, c2002 a24 páginas :bilustraciones ;c12 cm. e  atextobtxt2rdacontent asin mediación bn2rdamedia  avolumen bnc2rdacarrier a  7aOrigamix  7aOrigamixTécnicas 7aTrabajos manuales (Educación)